00986nas a2200229Ia 4500001001100000003000900011008004100020040001300061040001300074041001300087100004800100210002400148222002400172245009300196250001100289260002200300501008600322300001800408362002200426500026000448650004800708R704/49380IT-RoPAU151124c99999999xx |||||||||||| ||und|| aIT-RoPAU cIT-RoPAU aFRANCESE aGeninasca JacquesgCodice Aut. SPICS: 6190 aSEMIOTIQUE ET BIBLE aSemiotique Et Bible aSEMIOTIQUE & BIBLE, N.018-LUGLIO 1980bReverie Analytique Sur un Poeme De Rene' Char (I) a1a ed. aLYONbCADIRc1980 bPaulus - SPICS - Società San Paolo EM (non-commercial uses only)cCopyright2015 a15 p. [16-30] aN.018-LUGLIO 1980 aSogno Analitico su un Poema di Andre' Char "L'Artisanat Furieux". Organizzazione Testuale: Doppia Articolazione del Messaggio, Frase e Discorso. Processo del Parallelismo. Articolazioni Discorsive e Dimensione Figurativa. Riconoscimento degli Attori. Per aSEMIOTICA - BIBBIAvPUBBLICAZIONE PERIODICA